1826 1371 1353 1237 1182 1578 1719 1448 1217 1035 1653 1630 1501 1001 1500 1779 1573 1488 1437 1242 1289 1712 1684 1923 1025 1173 1772 1376 1402 1182 1632 1227 1110 1130 1439 1166 1191 1737 1038 1777 1617 1742 1752 1661 1495 1056 1804 1331 1999 1461 1834 1166 1506 1901 1561 1608 1627 1567 1467 1533 1070 1089 1873 1788 1883 1308 1878 1743 1377 1928 1321 1116 1885 1326 1912 1314 1448 1856 1826 1191 1894 1425 1975 1153 1812 1289 1616 1080 1089 1853 1266 1983 1572 1036 1482 1105 1728 1145 1699 BCNSPRNW ULIB Ver.6.0+V

เปลี่ยนเป็นภาษาไทย

Change to English
 แสดงรายละเอียดบรรณานุกรม
  กลับหน้าหลัก

Brief Record : Get Marc (ISO 2709) : E-mail record : QR code < ปิดหน้าต่าง
LEADER : 00000nam 2200000uu 4500
001    13399113419
003     ULIB
008    111114s2552||||th 000 0 tha d
020    ^a9789749922934
060 04 ^aW62^bช551ค 2552
245 00 ^aคู่มือทักษะการสื่อสารสำหรับแพทย์ประจำบ้านและนักเรียนแพทย์/^cศูนย์ฝึกอบรมทักษะการสื่อสาร ฝ่ายกุมารเวชศาสตร์ โรงพยาบาลจุฬาลงกรณ์ ; บรรณาธิการ, ชิษณุ พันธุ์เจริญ, จรุงจิตร์ งามไพบูลย์
246 14 ^aทักษะการสื่อสารสำหรับแพทย์ประจำบ้านและนักเรียนแพทย์ :^bฉบับพกพา
246 30 ^aทักษะการสื่อสารสำหรับแพทย์ประจำบ้านและนักเรียนแพทย์
250    ^aพิมพ์ครั้งที่ 1
260    ^aกรุงเทพฯ :^bธนาเพรส,^c2552
300    ^a150 หน้า ;^c19 ซม.
650  7 ^aการสื่อสารทางการแพทย์^vคู่มือ
650  7 ^aการสื่อสารทางการศึกษา^vคู่มือ
700 0  ^aชิษณุ พันธุ์เจริญ,^eบรรณาธิการ
700 0  ^aจรุงจิตร์ งามไพบูลย์,^eบรรณาธิการ
710 2  ^aโรงพยาบาลจุฬาลงกรณ์. ^bฝ่ายกุมารเวชศาสตร์.^bศูนย์ฝึกอบรมทักษะการสื่อสาร
945    ^p90^l0^i16098
945    ^p90^l0^i16099
995    ^aกัณชพร
999    ^aใช้งานได้ทุกระบบ
รายการนี้ยังไม่มีแท็ก
คุณยังไม่ได้ล็อกอิน คุณสามารถมีกิจกรรมร่วมกับเว็บไซต์ได้ แต่ต้องล็อกอินก่อน ::
  ล็อกอิน

รายการสื่อสารสนเทศ

ลำดับที่ ประเภท เลขเรียก/บาร์โค้ด สถานที่ สถานะ
- ไม่พบข้อมูล -

BibComment


ยังไม่เคยถูกคอมเมนท์

คอมเมนท์ทรัพยากรรายการนี้
  คอมเมนท์: คู่มือทักษะการสื..


 Copyright 2026. Bcnsprnw @Library